The colonial impact on chieftainship: The case of the ZO people (1896–1954) (Record no. 533161)
[ view plain ]
| 000 -LEADER | |
|---|---|
| fixed length control field | 01243nam a22001337a 4500 |
| 008 - FIXED-LENGTH DATA ELEMENTS--GENERAL INFORMATION | |
| fixed length control field | 260427b ||||| |||| 00| 0 eng d |
| 100 ## - MAIN ENTRY--PERSONAL NAME | |
| Personal name | Ngaihte, Thangkhanlal and Doungel, Jangkhongam |
| 245 ## - TITLE STATEMENT | |
| Title | The colonial impact on chieftainship: The case of the ZO people (1896–1954) |
| 260 ## - PUBLICATION, DISTRIBUTION, ETC. (IMPRINT) | |
| Place of publication, distribution, etc | Economic & Political Weekly |
| 300 ## - PHYSICAL DESCRIPTION | |
| Extent | 61(8), Feb 21, 2026: p.53-59 |
| 520 ## - SUMMARY, ETC. | |
| Summary, etc | Chieftainship, which has been central to the sociopolitical life of the Zo ethnic tribes in the Indo-Burma borderlands since precolonial times, features in all colonial writings on the Zo tribes, but there has been no major independent study of the institution. Analysing the impact of colonial rule on Zo chieftainship, the paper shows that colonial rule while hollowing out the core attributes of Zo chieftainship, entrenched landownership systems and economic power in favour of the chiefs within this system. This ultimately hastened the dissolution of the institution itself, in parts of the region, while further strengthening the hold of the chiefs on village lands in other places. –Reproduced https://www.epw.in/journal/2026/8/special-articles/colonial-impact-chieftainship.html |
| 773 ## - HOST ITEM ENTRY | |
| Main entry heading | Economic & Political Weekly |
| 942 ## - ADDED ENTRY ELEMENTS (KOHA) | |
| Item type | Articles |
| Withdrawn status | Lost status | Source of classification or shelving scheme | Damaged status | Not for loan | Permanent location | Current location | Date acquired | Serial Enumeration / chronology | Barcode | Date last seen | Koha item type |
|---|---|---|---|---|---|---|---|---|---|---|---|
| Indian Institute of Public Administration | Indian Institute of Public Administration | 2026-04-27 | 61(8), Feb 21, 2026: p.53-5 | AR138672 | 2026-04-27 | Articles |
